Bulletin de la classe physic-mathematique de lacademie imperial des sciences de St.-Prtersbourg

Bibliographic Details
Summary:Публикации на языках: русском, французском, английском, немецком, греческом, латинском
Language:Russian
English
German
Latin
French
Greek, Modern (1453- )
Published: St.-Petersbourg, W. Graeff heritiers, 1843-1845, 1847-1849, 1858-1859
Subjects:
Format: Serial
KOHA link:https://koha.lib.tpu.ru/cgi-bin/koha/opac-detail.pl?biblionumber=379799

MARC

LEADER 00000nas1a2200000 4500
001 379799
005 20231101062630.0
035 |a (RuTPU)RU\TPU\prd\235 
035 |a PERI00000235 
090 |a 379799 
100 |a 20011210a18439999k y0frey50 ba 
101 0 |a rus  |a eng  |a ger  |a lat  |a fre  |a gre 
102 |a RU 
110 |a aeazIII uu0 
200 1 |a Bulletin de la classe physic-mathematique de lacademie imperial des sciences de St.-Prtersbourg 
210 |a St.-Petersbourg  |a Leipzig  |c W. Graeff heritiers  |c L. Voss  |d 1843-1845, 1847-1849, 1858-1859 
300 |a Публикации на языках: русском, французском, английском, немецком, греческом, латинском 
305 |a Издается с 1843 г. 
326 |a 24 номера в год 
610 1 |a математика 
610 1 |a физика 
610 1 |a история науки 
675 |a 51  |v 3 
675 |a 53  |v 3 
801 0 |a RU  |b 63413507  |c 20011210  |g PSBO 
801 2 |a RU  |b 63413507  |c 20151207  |g PSBO 
942 |c CR